Covid-19 led return to Kerala: A comparative analysis of return emigrants (Record no. 528235)

000 -LEADER
fixed length control field 01468nam a22001577a 4500
008 - FIXED-LENGTH DATA ELEMENTS--GENERAL INFORMATION
fixed length control field 241120b ||||| |||| 00| 0 eng d
100 ## - MAIN ENTRY--PERSONAL NAME
Personal name Rajan, S. Irudaya and Pattath, Balasubramanyam
245 ## - TITLE STATEMENT
Title Covid-19 led return to Kerala: A comparative analysis of return emigrants
260 ## - PUBLICATION, DISTRIBUTION, ETC. (IMPRINT)
Place of publication, distribution, etc The Indian Journal of Labour Economics
300 ## - PHYSICAL DESCRIPTION
Extent 67(2), Apr-Jun, 2024: p.389-405
520 ## - SUMMARY, ETC.
Summary, etc This article concerns emigrants who returned to Kerala between May and December 2020 in the midst of the COVID-19 pandemic. We study and document the experiences of 1985 return emigrants (REM) through a quantitative survey conducted via Computer-Assisted Telephonic Interviews. The study utilises a comparative classificatory framework that categorises return emigrants into three groups: normal REM, distressed REM, and REM who returned to re-emigrate. While the REM have been a demographically, politically, and economically significant component of Kerala’s population, the COVID-19 REM represent a unique case in history that has the potential to not only affect the economy, society, and psyche of Kerala for many years to come, but to also provide valuable insights into the future of global labor migration governance.- Reproduced

https://link.springer.com/article/10.1007/s41027-024-00497-2
650 ## - SUBJECT ADDED ENTRY--TOPICAL TERM
Topical term or geographic name as entry element Covid-19, Return migrants, Remittances, Kerala
9 (RLIN) 48999
773 ## - HOST ITEM ENTRY
Main entry heading The Indian Journal of Labour Economics
906 ## - LOCAL DATA ELEMENT F, LDF (RLIN)
Subject DIP PANDEMIC
942 ## - ADDED ENTRY ELEMENTS (KOHA)
Item type Articles
Holdings
Withdrawn status Lost status Source of classification or shelving scheme Damaged status Not for loan Permanent location Current location Date acquired Serial Enumeration / chronology Barcode Date last seen Koha item type
          Indian Institute of Public Administration Indian Institute of Public Administration 2024-11-20 67(2), Apr-Jun, 2024: p.389-405 AR133618 2024-11-20 Articles

Powered by Koha